All Spanish Clubs Messi has scored against - Statistics

General Stats
  • This quiz has been taken 32 times
  • The average score is 11 of 40
Answer Stats
Club % Correct
Real Madrid
90%
Atletico Madrid
84%
Athletic Bilbao
71%
Real Betis
68%
Real Sociedad
61%
Celta Vigo
48%
Espanyol
48%
Rayo Vallecano
45%
Deportivo la Coruna
42%
Elche
42%
Eibar
39%
Getafe
39%
Mallorca
39%
Osasuna
39%
Cadiz
35%
Sevilla FC
29%
Malaga
23%
Sporting Gijon
23%
Valencia CF
23%
Las Palmas
19%
Villarreal CF
19%
Huesca
16%
Leganes
16%
Valladolid
16%
Granada
13%
Levante CF
13%
UD Almeria
13%
Deportivo Alaves
10%
Girona FC
10%
Albacete Balompié
6%
Cordoba CF
6%
Córdoba CF
6%
Gimnàstic de Tarragona
6%
Hércules CF
6%
CD Numancia
3%
CD Tenerife
3%
Elche CF
3%
Racing Club
3%
Real Zaragosa
3%
SD Huesca
3%
No matching quizzes found
Score Distribution
Percent of People with Each Score
Percentile by Number Answered
Your Score History
You have not taken this quiz